| 000 | 01054nam0a2200313 4500 | ||
|---|---|---|---|
| 001 | RU\NLR\BIBL_A\012066587 | ||
| 005 | 20190822155622.0 | ||
| 010 |
_a978-5-04-104076-5 _912000 |
||
| 021 |
_aRU _bКН-П-19-049004 _9КН-П-19-3560 |
||
| 035 | _a(NLR Aleph) 012066587 | ||
| 035 | _a(RuMoRGB)010028583 | ||
| 090 |
_a11733041 _c11733041 |
||
| 100 | _a20190729d2019 u y0rusy50 ca | ||
| 101 | 1 |
_arus _ceng |
|
| 102 | _aRU | ||
| 105 | _ay|||zzzz000ay | ||
| 200 | 1 |
_aПосле _fАнна Тодд _g[перевод с английского М. Белякова Е. Златогорского] |
|
| 210 |
_aМосква _cЭксмо _d2019 |
||
| 215 |
_a538, [4] с. _d21 |
||
| 225 | 1 | _aRelax, adventure, dream, love | |
| 225 | 1 | _aBook. Resort & Spa | |
| 333 | _a18+ | ||
| 686 | 1 | _aШ6(7США)67-440.4{Лх1979-50} | |
| 700 | 1 |
_7ca _8rus _aТодд _bА. _f1989 - _gАнна _9144269 _3RU\NLR\AUTH\770144305 |
|
| 942 | _cBOOK | ||
| 980 | _aNBR | ||
| 980 | _aNB | ||